书目信息 |
| 题名: |
2017考研思想政治理论强化通关800题
|
|
| 作者: | 蒋中挺 编著 | |
| 分册: | ||
| 出版信息: | 北京 原子能出版社 2015.05 |
|
| 页数: | 332页 | |
| 开本: | 28cm | |
| 丛书名: | ||
| 单 册: | ||
| 中图分类: | D0-44 | |
| 科图分类: | ||
| 主题词: | 政治理论 | |
| 电子资源: | ||
| ISBN: | 7-5022-6660-7 | |
| 000 | 00640nam0 2200193 450 | |
| 001 | 1752749915 | |
| 005 | 20170217144046.44 | |
| 010 | @a7-5022-6660-7@dCNY42.00 | |
| 100 | @a20160913d2015 km y0chiy0120 ea | |
| 101 | 0 | @achi |
| 102 | @aCN@b110000 | |
| 200 | 1 | @a2017考研思想政治理论强化通关800题@A2017 kao yan si xiang zheng zhi li lun qiang hua tong guan 800 ti@f蒋中挺编著@Fjiang zhong ting bian zhu |
| 210 | @a北京@c原子能出版社@d2015.05 | |
| 215 | @a332页@d28cm | |
| 606 | 0 | @a政治理论 |
| 690 | @aD0-44@v4 | |
| 701 | 0 | @a蒋中挺@Ajiang zhong ting@4编著 |
| 801 | 0 | @aCN@b大连网信软件有限公司图书馆·11@c20160913 |
| 905 | @aZUCC@dD0-44@eJ6063 | |
| 2017考研思想政治理论强化通关800题/蒋中挺编著.-北京:原子能出版社,2015.05 |
| 332页;28cm |
| ISBN 7-5022-6660-7:CNY42.00 |
| ● |
| 相关链接 |
|
|
|
正题名:2017考研思想政治理论强化通关800题
索取号:D0-44/J6063
 
预约/预借
| 序号 | 登录号 | 条形码 | 馆藏地/架位号 | 状态 | 备注 |
| 1 | 1239008 | 212390081 | 社科库509/509社科库 67排4列6层/ [索取号:D0-44/J6063] | 在馆 |